Sme pripravení na post-eurofondovú éru ?

Politika súdržnosti sa v ostatných rokoch stala významným nástrojom financovania verejných investícií a národných politík. Aj v aktuálnom programovom období je na roky 2014 – 2023 dispozícii významný objem zdrojov, avšak s rastom hospodárskej úrovne slovenských regiónov a vývoja v EÚ je možné očakáv...

Description complète

Enregistré dans:
Détails bibliographiques
Auteur principal: Frank, Karol
Format: Chapitre de livre
Langue:slovaque
Sujets:
Tags: Ajouter un tag
Pas de tags, Soyez le premier à ajouter un tag!

MARC

LEADER 00000nla a2200000 4500
001 0229585
005 20240417075115.1
041 0 |a slo 
044 |a SK 
245 1 0 |a Sme pripravení na post-eurofondovú éru ?  |c Karol Frank 
520 |a Politika súdržnosti sa v ostatných rokoch stala významným nástrojom financovania verejných investícií a národných politík. Aj v aktuálnom programovom období je na roky 2014 – 2023 dispozícii významný objem zdrojov, avšak s rastom hospodárskej úrovne slovenských regiónov a vývoja v EÚ je možné očakávať, že v nasledujúcom programovom období bude objem zdrojov s veľkou pravdepodobnosťou nižší. 
610 2 0 |a situácia hospodárska 
610 2 0 |a fondy Európskej únie 
610 2 0 |a Slovensko 
610 2 0 |a politika kohézna 
610 2 0 |a produkt domáci hrubý 
610 2 0 |a zadlženosť vnútorná 
610 2 0 |a zadlženosť zahraničná 
100 1 |a Frank, Karol